Statistics for Countries That Border Spain

Click here to take the quiz!

General Stats

  • This quiz has been taken 62 times
  • The average score is 5 of 5

Answer Stats

LengthCountry% Correct
656.3 kmFrance
100%
1,214 kmPortugal
100%
64 kmAndorra
97%
18.5 kmMorocco
85%
1.2 kmUK (Gibraltar)
79%

Score Distribution

Percentile by Number Answered

Percent of People with Each Score

Your Score History

You have not taken this quiz